Music Quiz

Random Music or Kpop Quiz

Guess my favourite kpop MVs Quiz Stats

 Plays Quiz not verified by Sporcle

Challenge
Share
Tweet
Score 0/28 Timer 10:00
0 Plays Today
% Correct
BLACKPINK - STAY
92.1%
BLACKPINK - WHISTLE
86.3%
BTS - RUN
84.9%
RED VELVET - ICE CREAM CAKE
84.2%
GOT7 - FLY
79.9%
SHINEE - VIEW
78.4%
F(X) - 4 WALLS
74.1%
JONGHYUN - SHE IS
69.8%
NCT U - 7TH SENSE
64.7%
BIGBANG - LET'S NOT FALL IN LOVE
64.7%
ZICO - BERMUDA TRIANGLE (FEAT. CRUSH, DEAN)
60.4%
MONSTA X - ALL IN
53.2%
EXO - LOTTO
52.5%
WINNER - SENTIMENTAL
50.4%
% Correct
NU'EST - LOVE PAINT
44.6%
EXO - LOVE ME RIGHT
43.9%
DEAN - BONNIE & CLYDE
36.7%
SISTAR & GIORGIO MORODER - ONE MORE DAY
36.7%
JAY PARK - DRIVE (FEAT. GRAY)
36%
HEIZE - STAR
31.7%
SEVENTEEN - CHECK IN
31.7%
TAEMIN - PRESS YOUR NUMBER
30.9%
TAEYEON - RAIN
30.9%
ZION.T - EAT
29.5%
LADIES CODE - THE RAIN
23.7%
VIXX - DYNAMITE
22.3%
LIM KIM - AWOO
20.1%
MINO - BODY
19.4%

You're not logged in!

Compare scores with friends on all Sporcle quizzes.
Join for Free
OR
Log In

You Might Also Like...

Show Comments

Extras

Created Apr 2, 2017ReportFavoriteNominate
Tags:Kpop Quiz, favorite

Top Quizzes Today


Score Distribution

Your Account Isn't Verified!

In order to create a playlist on Sporcle, you need to verify the email address you used during registration. Go to your Sporcle Settings to finish the process.

Report this User

Report this user for behavior that violates our Community Guidelines.

Details: